Треки альбома Гражданской Обороны "Поганая молодёжь" - Statistics

General Stats
  • This quiz has been taken 23 times
  • The average score is 7 of 21
Answer Stats
Поганая молодёжь % Correct
Поганая молодёжь
100%
Мама б*я
55%
Зоопарк
50%
Понос-апофеоз
50%
Снаружи всех измерений
45%
Старость - не радость
45%
Ненавижу женщин (таких, как ты)
40%
Поезд на Малую землю
40%
Клалафуда Клалафу
40%
Хватит!
35%
Двоится в глазах
30%
Я выдуман напрочь
30%
Мама, мама
30%
Не смешно
25%
Лирическое настроение
25%
Малиновая скала
25%
Кто ищет смысл
15%
Детский доктор сказал: "Ништяк"
10%
Я видел собаку
5%
Я блюю на ваши дела
5%
Я бесполезен
5%
No matching quizzes found
Score Distribution
Percent of People with Each Score
Percentile by Number Answered
Your Score History
You have not taken this quiz